[Event "Olympiad-34"]
[Site "Istanbul"]
[Date "2000.11.05"]
[Round "8.1"]
[White "Kortschnoj, Viktor Lvovich"]
[Black "Vaganian, Rafael A"]
[Result "1/2-1/2"]
[WhiteElo "2620"]
[BlackElo "2623"]
[Annotator "Dautov,R"]
[PlyCount "58"]
[EventDate "2000.10.28"]
[EventType "team-swiss"]
[EventRounds "14"]
[EventCountry "TUR"]
[SourceTitle "EXT 2001"]
[Source "ChessBase"]
[SourceDate "2000.11.22"]
[SourceVersion "1"]
[SourceVersionDate "2000.11.22"]
[SourceQuality "1"]
[WhiteTeam "Switzerland"]
[BlackTeam "Armenia"]
[WhiteTeamCountry "SUI"]
[BlackTeamCountry "ARM"]

1. c4 e6 2. Nc3 d5 3. d4 Be7 4. Nf3 Nf6 5. Bf4 O-O 6. e3 Nbd7 7. h3 {Ein
weiterer Versuch, die 6...Nbd7- Verteidigung zu bekämpfen. Weiß schaut weit
voraus und verhindert die später mögliche Fesselung durch Bc8-g4.} c5 8. dxc5 (
8. cxd5 Nxd5 9. Nxd5 exd5 10. Be2 {bringt dem Weißen nichts wegen} (10. Bd3
Qa5+ 11. Qd2 Qxd2+ 12. Nxd2 c4 13. Bc2 b5 14. O-O-O Nb6 15. e4 Be6 $11 {
Hansen,C-Zvjaginsev,V/Essen 2000}) (10. dxc5 Nxc5 {-s.Partie.}) 10... c4 $1 11.
O-O b5 {, und Schwarz behauptet seine Damenflügelüberlegenheit:} 12. Qc2 Bb7
13. Rad1 Rc8 14. Ne5 f6 15. Nf3 Nb6 $11 {Piket,J-Kramnik,V/Monaco 2000}) 8...
Nxc5 9. cxd5 Nxd5 10. Nxd5 exd5 {Mit der Idee, 11...Ne6 und 12..Bb4+ folgen zu
lassen.} (10... Qxd5 11. Qxd5 exd5 12. Rc1 $14 {führt zu einem leichten weißen
Endspielvorteil.}) 11. Be5 $1 (11. Be2 Ne6 12. Be5 Bb4+ 13. Bc3 Bxc3+ 14. bxc3
b6 $11) 11... Ne4 12. a3 ({Nach} 12. Bd3 $6 Qa5+ 13. Ke2 Bd7 $36 {Postniy,
E-Golod,V/Tel Aviv 1999 bekommt Weiß bereits Probleme wegen der unsicheren
Lage seines Königs.}) 12... Bh4 $1 {Brilliant gespielt. Vaganian nuzt seinen
Entwicklungsvorteil um den weißen Königsflügel anzugreifen.} 13. Nxh4 (13. g3
Bf6 14. Bg2 (14. Bxf6 Qxf6 $36) 14... Bxe5 15. Nxe5 Qf6 16. Nd3 b6 $36 {/\Ba6})
13... Qxh4 14. g3 ({Mit} 14. Qf3 {bringt sich Weiß in Gefahr:} Re8 $1 ({
Weniger klar ist das spektakuläre} 14... Bg4 $5 {wegen} 15. Qf4) 15. g3 (15.
Bd4 $2 Nxf2 $19) 15... Qe7 16. Bd4 Ng5 $36 {, und Schwarz entwickelt eine
gefährliche Initiative.}) 14... Qg5 15. Bd4 (15. Qxd5 $2 Bd7 {/\Bc6} 16. Rc1 (
16. Qxd7 Qxe5 $36) 16... Qf5 $36) 15... Qf5 16. Qe2 (16. Rh2 $6 {
Selbstverständlich hat Weiß keine Lust, ohne Rochade zu spielen:} Qg6 17. Bd3
Bf5 $11) 16... Bd7 {/\Bb5 Gegen die Drohung Bb5 hat Weiß nichts Besseres als
den Übergang in ein ausgeglichenes Endspiel.} 17. h4 {/\Bh3} (17. Bg2 $6 Bb5 $1
18. g4 Qd7 $36) 17... Bb5 18. g4 (18. Bh3 $6 Qxh3 19. Rxh3 Bxe2 20. Kxe2 Rfc8
$36) 18... Bxe2 19. gxf5 Bxf1 20. Rxf1 f6 $11 21. Rd1 Rfd8 {/\Nd6} 22. Rg1 Kf7
23. Rg4 b6 24. f3 Nd6 25. Rf4 Rac8 26. Bc3 Nc4 27. Rd3 Ne5 28. Rd1 Nc4 29. Rd3
Ne5 1/2-1/2

[Event "RUS-ch sf 58th"]
[Site "Kazan"]
[Date "2005.09.04"]
[Round "2"]
[White "Smirnov, Pavel"]
[Black "Bezgodov, Alexei"]
[Result "1/2-1/2"]
[WhiteElo "2635"]
[BlackElo "2548"]
[Annotator "Dautov,R"]
[PlyCount "108"]
[EventDate "2005.09.03"]
[EventType "swiss"]
[EventRounds "9"]
[EventCountry "RUS"]
[SourceTitle "CBM 109"]
[Source "ChessBase"]
[SourceDate "2005.11.14"]
[SourceVersion "1"]
[SourceVersionDate "2005.11.14"]
[SourceQuality "1"]

1. d4 d5 2. c4 e6 3. Nc3 Be7 4. Nf3 Nf6 5. Bf4 O-O 6. e3 c5 7. dxc5 Bxc5 8. a3
Nc6 9. Qc2 Qa5 10. Nd2 Be7 11. Bg3 Bd7 12. Be2 Qb6 ({Nach} 12... Rfc8 13. O-O
Qd8 14. Qd3 $1 {bekommt Schwarz Schwierigkeiten, z.B.} Be8 15. Rfd1 d4 16. Nb5
dxe3 17. Qxe3 Qb6 18. Nc7 $16 {Lputian,S-Baramidze,D /Warsaw 2005}) 13. b4 d4
14. Na4 Qd8 {Diese Variante wurde von Schwarzspielern nach der Partie
Sokolov-Short ad acta gelegt.} 15. O-O $5 $146 {Eine gute Neuerung, wenngleich
Sokolovs 15.e4! auch sehr überzeugend aussieht.} (15. e4 $1 Be8 16. Nb2 Nd7 17.
Nd3 Bh4 18. c5 Bxg3 19. hxg3 Nde5 20. f4 Nxd3+ 21. Bxd3 h6 22. Nc4 $16 {
Sokolov,I-Short,N /Bled 2002}) 15... Rc8 16. b5 $2 {[%mdl 16384] Und das ist
ein strategischer Fehler. Weiß schwächt seine Bauernstruktur und überläßt dem
gegnerischen Springer ein schönes Feld a5.} ({Nach} 16. Nb3 $1 {streben die
weißen Springer nach c5, während die schwarze Stellung zusammengedrückt bleibt.
Z.B.} e5 (16... dxe3 17. fxe3 Ne5 (17... b5 18. Nac5 bxc4 19. Qxc4 $16) 18.
Nac5 $16) 17. Nac5 $14) 16... Na5 17. Qd3 $2 ({Besser war} 17. Qb2 $1 dxe3 18.
fxe3 b6 (18... a6 19. Be5 axb5 20. cxb5 Ne8 21. Bd4 $16) 19. Rad1 $14) 17...
dxe3 18. Qxe3 (18. fxe3 Be8 $11) 18... a6 19. Rac1 $2 {Zu den strategischen
Fehlern gesellt sich ein taktischer. Smirnov übersieht die gegnerische Drohung.
} ({Deutlich stärker war} 19. Be5 $1 axb5 20. Nb6 Nxc4 (20... Bc5 $2 21. Bxf6
Qxf6 22. Ne4 Bxe3 23. Nxf6+ gxf6 24. Nxd7 $16) 21. Ndxc4 bxc4 22. Nxc8 Qxc8 $11
) 19... Nxc4 $1 20. Nxc4 axb5 21. Nab6 Bc5 $17 {Schwarz gewinnt zwei Bauern.}
22. Qg5 h6 23. Qh4 Bxb6 24. Nxb6 Qxb6 25. Be5 Nd5 26. Qg3 f6 27. Bd6 Rxc1 28.
Rxc1 Rc8 29. Rxc8+ Bxc8 30. Bf3 Qd4 31. h3 g5 32. Bxd5 Qxd5 33. Be7 Kf7 34. Qc7
Qd7 35. Qxd7 Bxd7 36. Bd8 h5 37. f3 e5 38. Kf2 Kg6 39. Bc7 Bc6 40. Bd8 f5 41.
Bc7 e4 42. fxe4 fxe4 43. Bb6 Kf5 44. Be3 Bd5 45. Bd2 Bc4 46. Be3 h4 47. Bd2 g4
48. hxg4+ Kxg4 49. Bb4 Bd5 50. Bd6 e3+ 51. Kxe3 Bxg2 52. Kf2 h3 53. Kg1 Kf3 54.
Kh2 Ke4 1/2-1/2

[Event "Olympiad-36"]
[Site "Mallorca"]
[Date "2004.10.18"]
[Round "4"]
[White "Aleksandrov, Aleksej"]
[Black "Kasimdzhanov, Rustam"]
[Result "1/2-1/2"]
[WhiteElo "2659"]
[BlackElo "2650"]
[Annotator "Dautov,R"]
[PlyCount "56"]
[EventDate "2004.10.15"]
[EventType "team-swiss"]
[EventRounds "14"]
[EventCountry "ESP"]
[SourceTitle "CBM 104"]
[Source "ChessBase"]
[SourceDate "2005.01.27"]
[SourceVersion "1"]
[SourceVersionDate "2005.01.27"]
[SourceQuality "1"]
[WhiteTeam "Belarus"]
[BlackTeam "Uzbekistan"]
[WhiteTeamCountry "BLR"]
[BlackTeamCountry "UZB"]

1. d4 e6 2. c4 d5 3. Nc3 Be7 4. Nf3 Nf6 5. Bf4 O-O 6. e3 c5 7. dxc5 Bxc5 8.
cxd5 Nxd5 9. Nxd5 exd5 10. a3 Nc6 11. Bd3 Bb6 12. O-O d4 13. e4 Bg4 14. h3 Bh5
15. Re1 $5 $146 {Alexandrov verzichtet auf die gängige Fortsetzung 15.g4 und
bringt stattdessen eine interessante Neuerung. Weiß plant 16.e5 nebst 17.g4
oder evtl. 17.Be4.} (15. g4 Bg6 16. Nd2 (16. Rc1 Rc8 17. Re1 f6 18. Bc4+ Bf7
19. Qd3 Bc7 20. Bxf7+ Rxf7 $11 {Navara,D-Kasimdzhanov,R/Calvia 2004})) 15...
Rc8 $6 {Dieser Zug unternimmt nichts gegen den weißen Plan, es ist aber nicht
leicht zu sagen, wie Schwarz fortsetzen soll. Möglicherweise war 15...f6 am
besten.} (15... Qf6 16. Bg3 Rfe8 (16... Bxf3 17. Qxf3 Qxf3 18. gxf3 {führt zu
einer bekannten Stellung mit Mehrtempo (Rf1-e1) für Weiß.}) 17. e5 Qh6 18. Qd2
Qxd2 19. Nxd2 $14) (15... Bc7 16. e5 Re8 17. g4 Bg6 18. Bxg6 hxg6 19. Qb3 $14)
(15... f6 $5 16. Bc4+ Kh8 17. Bd5 Qd7 $13) 16. e5 Bg6 17. Bxg6 fxg6 ({Nach} 
17... hxg6 $2 {entwickelt Weiß aus dem Stegreif einen starken Angriff:} 18. Ng5
$1 Qd7 19. e6 fxe6 20. Qg4 d3 21. Re4 $1 (21. Qh4 $2 Bxf2+ 22. Qxf2 e5 23. Qh4
Rxf4 24. Qh7+ $40) 21... Rf5 22. Qh4 Rxg5 23. Bxg5 $16) 18. Qb3+ Kh8 19. Bg3 {
Kein schlechter Zug, aber mit 19.Re4! könnte Weiß ohne Risiko einen klaren
Vorteil erlangen.} (19. Re4 $1 Na5 (19... d3 $2 20. Rd1 $18) 20. Qd3 Qd5 21. e6
Nc6 22. Rae1 $16) 19... d3 $6 {Kasimdzhanov startet eine Rettungskombination,
die sich als inkorrekt herausstellt. Andererseits war die schwarze Stellung
bei ruhigem Spiel alles andere als beneidenswert.} (19... Na5 20. Qd3 Nc4 21.
e6 $1 $16) 20. Red1 $1 (20. Rad1 $2 Rxf3 21. gxf3 d2 22. Re4 (22. Rf1 Nxe5 23.
Bxe5 Qg5+ 24. Kh1 Qxe5 $17) 22... Nd4 $40) 20... Rxf3 $1 21. gxf3 Nxe5 $1 22.
Kg2 $1 $16 (22. Bxe5 $2 Qg5+ 23. Kh1 Qxe5 24. Qxd3 (24. Rxd3 Bc7 25. f4 Qxf4
26. Rg3 Qf5 27. Rg2 Bb6 $44) 24... Qxb2 $44) 22... Bxf2 $5 {Die Pointe der
Kombination. Der weiße König wird entblößt, und das Dauerschach scheint sehr
nah zu sein...} (22... Qf6 23. Qd5 $16) 23. Bxe5 $2 {Alexandrov greift fehl.
Die Widerlegung war allerdings nicht leicht zu finden.} (23. Bxf2 $1 Qg5+ 24.
Bg3 $8 (24. Kf1 $4 Qf5 $19) (24. Kh1 $4 Qf5 $19) 24... Rc2+ 25. Kf1 $1 {
, und Weiß gewinnt dank der Schwäche der 8. Reihe, z.B.,} (25. Kh1 $1 $18)
25... Qxg3 (25... h6 26. Rxd3 Nxd3 27. Qxc2 $18) 26. Qxc2 Qxf3+ 27. Kg1 Qxh3
28. Rf1 $18) 23... Qg5+ 24. Kxf2 Qxe5 $11 {Das Dauerschach ist nicht zu
vermeiden.} 25. Qxd3 Qh2+ 26. Kf1 Qxh3+ 27. Kg1 Qg3+ 28. Kh1 Qh3+ 1/2-1/2

[Event "Olympiad-34"]
[Site "Istanbul"]
[Date "2000.11.02"]
[Round "6.3"]
[White "Sakaev, Konstantin"]
[Black "Lutz, Christopher"]
[Result "1/2-1/2"]
[WhiteElo "2627"]
[BlackElo "2606"]
[Annotator "Dautov,R"]
[PlyCount "71"]
[EventDate "2000.10.28"]
[EventType "team-swiss"]
[EventRounds "14"]
[EventCountry "TUR"]
[SourceTitle "EXT 2001"]
[Source "ChessBase"]
[SourceDate "2000.11.22"]
[SourceVersion "1"]
[SourceVersionDate "2000.11.22"]
[SourceQuality "1"]
[WhiteTeam "Russia"]
[BlackTeam "Germany"]
[WhiteTeamCountry "RUS"]
[BlackTeamCountry "GER"]

1. d4 Nf6 2. c4 e6 3. Nf3 d5 4. Nc3 Be7 5. Bf4 O-O 6. e3 c5 7. dxc5 Bxc5 8. a3
Nc6 9. Rc1 a6 (9... d4) 10. b4 (10. cxd5 exd5 11. Bd3 (11. b4 Ba7 12. Be2 d4
13. exd4 Nxd4 14. Nxd4 Qxd4 15. Be3 Qxd1+ 16. Nxd1 Bd7 $11 {Kramnik,V-Ivanchuk,
V/New York 1994}) (11. Nxd5 Nxd5 12. Rxc5 Nxf4 13. Qxd8 Nxg2+ 14. Bxg2 Rxd8 15.
O-O h6 {/\ Be6=}) 11... Bg4 12. O-O d4 13. Ne2 Ba7 14. Nfxd4 Bxd4 15. exd4 $11
{1/2-1/2 Horvath,C-Lutz,C/Elista 1998}) 10... Bd6 $1 {Christophers Patent.} (
10... Be7 11. cxd5 exd5 12. Be2 $14) (10... Ba7 11. c5 h6 12. Be2 Bb8 13. O-O
e5 14. Bg3 $14 Be6 15. Bh4 g5 16. Nxg5 hxg5 17. Bxg5 $40 {Gelfand,B-Topalov,V/
Monte Carlo 1999}) 11. Bg5 $1 $146 (11. Bxd6 Qxd6 12. Be2 Rd8 13. cxd5 exd5 $11
14. O-O {1/2-1/2 Nielsen,P-Lutz,C/BL9900}) 11... Be7 (11... a5 $5) 12. c5 {
Der Plan von Weiß in dieser Variante besteht in der Bauernexpansion am
Damenflügel. Schwarz hat dagegen kaum eine Möglichkeit, bereits in der
Eröffnung seine Zentrumsbauern in Bewegung zu bringen und muß deswegen zu
Gegenmaßnahmen am Damenflügel greifen (b7-b6).} (12. cxd5 Nxd5 13. Bxe7 Ncxe7
$11) 12... h6 13. Bh4 Nd7 $1 (13... b6 $2 {wäre verfrüht:} 14. cxb6 Qxb6 15.
Na4 $16) 14. Bg3 (14. Bxe7 Qxe7 $132 {/\b6,/\a5}) 14... b6 15. cxb6 Nxb6 16.
Be2 (16. Nxd5 $6 Qxd5 17. Qxd5 Nxd5 18. Rxc6 a5 $11) 16... Bb7 17. O-O {
Die Eröffnung ist beendet, und Weiß hat einen leichten Vorteil. Sein Plan
besteht in der Bildung eines Freibauern. Die Schwierigkeit ist dabei die
Durchsetzung von a3-a4, da Schwarz den Bauern b4 ununterbrochen unter
Kontrolle hat.} Qd7 18. Na4 ({Natürlicher sieht zwar} 18. Ne5 Nxe5 19. Bxe5 {
aus, Weiß kommt aber nach} Rfc8 $1 {zu keinem Vorteil. Die folgende hübsche
Variante wurde beim Abendessen nach der Partie gefunden:} 20. Qd4 f6 21. Qxb6
fxe5 {/\Bd8-+} 22. Na4 Bd8 23. Nc5 Rxc5 $1 {(Th. Pähtz)} 24. Qxc5 Rc8 25. Qa7
Ra8 $11) 18... Nxa4 19. Qxa4 Rfc8 20. Qb3 Qd8 $1 {/\Qb6} (20... Bf6 $6 21. Rfd1
{/\a4, b5}) 21. Ne5 $6 {Zu geradlinig gespielt. M.E. konnte sich Weiß mit dem
Springertausch etwas Zeit lassen.} ({Nach} 21. Rfd1 $5 Bf6 (21... Qb6 22. Ne5
Nxe5 23. Bxe5 $14 {/\} Rxc1 $6 24. Rxc1 Rc8 $2 25. Rxc8+ Bxc8 26. Qc3 $16) 22.
a4 Qb6 23. b5 axb5 24. axb5 $14 {behält Weiß nach wie vor etwas Vorteil, z.B}
Na5 25. Qb4) 21... Nxe5 22. Bxe5 Rxc1 $1 {Nach dem Abtausch aller
Schwerfiguren kann Schwarz das Vierläuferendspiel problemlos halten.} 23. Rxc1
Rc8 24. Rxc8 Qxc8 25. Qc3 f6 26. Qxc8+ Bxc8 27. Bc7 Kf7 $11 {Der König eilt
zum Damenflügel.} 28. Kf1 Ke8 29. Ke1 Kd7 30. Ba5 Kc6 31. a4 Kb7 32. b5 axb5
33. Bxb5 Bd6 34. g3 Bc5 35. Kd2 e5 36. Kc2 1/2-1/2

[Event "Hoogeveen Essent Crown"]
[Site "Hoogeveen"]
[Date "2004.10.18"]
[Round "2"]
[White "Sokolov, Ivan"]
[Black "Carlsen, Magnus"]
[Result "1-0"]
[WhiteElo "2663"]
[BlackElo "2581"]
[Annotator "Dautov,R"]
[PlyCount "101"]
[EventDate "2004.10.17"]
[EventType "tourn"]
[EventRounds "6"]
[EventCountry "NED"]
[EventCategory "15"]
[SourceTitle "CBM 104"]
[Source "ChessBase"]
[SourceDate "2005.01.27"]
[SourceVersion "1"]
[SourceVersionDate "2005.01.27"]
[SourceQuality "1"]

1. d4 Nf6 2. c4 e6 3. Nf3 d5 4. Nc3 Be7 5. Bf4 O-O 6. e3 Nbd7 7. c5 c6 8. h3 b6
9. b4 a5 10. a3 Ba6 11. Bxa6 Rxa6 12. O-O {I. Sokolov verzichtet auf die
scharfe Variante 12.b5 und zieht das ruhige Fahrwasser vor.} (12. b5 cxb5 13.
c6 Qc8 14. c7) 12... Qa8 13. Nd2 $146 {Sokolov weicht vom Plan mit der
Überführung Ne1-d3, der in der letzten Zeit recht populär geworden ist.} (13.
Rb1 Qb7 14. Qc2 axb4 15. axb4 Rfa8 16. Ne1 b5 17. Nd3 Bd8 18. f3 Bc7 19. g4 Qb8
20. Bxc7 Qxc7 21. Qh2 Qd8 $1 $11 {Ponomariov,R-Vallejo Pons,F/Leon 2003}) 13...
Qb7 14. Rb1 axb4 15. axb4 Ra3 (15... Rfa8 16. Qc2 b5 $11) 16. Qc2 Rfa8 17. Rfc1
bxc5 $2 {Die Öffnung der b-Linie kommt nur Weiß zugute, der die Schwäche c6
angreifen kann. Ein typisches Vorgehen in solchen Stellungen ist die
Schließung des Damenflügels mit 17...b5, gefolgt von der Überführung des
Läufers nach c7, siehe z. B. Dautov-Kasimdzhanov/2002.} (17... b5 $1 18. Nb3
Bd8 $11) 18. bxc5 Qa6 19. Nb3 Bd8 20. Qb2 Qc4 21. Nd2 Qa6 22. Nf3 $1 {[%cal
Rf3e1,Re1c2,Rc2b4] Weiß findet den richtigen Plan - sein Springer strebt nach
b4.} h6 $6 {Carlsen verliert nur die kostbare Zeit, energischer war das
sofortige 22...Ne4. Carlsen verliert nur die kostbare Yeit.} (22... Ne4 $1 23.
Nxe4 dxe4 24. Ne1 Ra2 25. Qb7 (25. Qb3 Nf6 $11 {/\Nd5}) 25... Qxb7 26. Rxb7 Nf6
27. Bc7 Nd5 28. Bxd8 Rxd8 $11) 23. Ne1 $1 $14 Ne4 24. Nxe4 dxe4 25. Nc2 Ra2 26.
Qb3 $1 {Nun ist Nc2-b4 nicht zu vermeiden, und Schwarz muß sich auf eine lange
Verteidigung einstellen...} (26. Qb7 Qxb7 27. Rxb7 Nf6 $11) 26... Qe2 $2 {
Aber das will er nicht! Carlsen stürmt stattdessen nach vorn, aber sein
Angriff misslingt. Besser war das passive 26...Qc8.} (26... Qc8 27. Nb4 R2a4
$14 {/\Nf6-d5}) 27. Bg3 $1 Nf6 ({Nach} 27... h5 {hat Weiß sogar zwei gute
Möglichkeiten:} 28. Qb7 (28. Nb4 h4 29. Re1 Qd2 30. Red1 Qe2 31. Nxa2 hxg3 32.
Nc3 $16) 28... h4 29. Bd6 Nf6 (29... Rxc2 30. Rxc2 Qxc2 31. Qxa8 Qxb1+ 32. Kh2
$18) 30. Qxc6 $16) 28. Nb4 R2a3 29. Qc4 $1 {Hat Schwarz diesen Zug übersehen?
Weiß tauscht die Damen und gewinnt anschließend den Bauern c6. Die Partie ist
entschieden.} Qxc4 30. Rxc4 $18 Ra1 (30... Rc8 31. Nxc6 $1 $18) 31. Rcc1 Rxb1
32. Rxb1 Rc8 33. Nxc6 $1 Rxc6 34. Rb8 Kh7 35. Rxd8 Nd5 36. Rd7 Kg6 37. Ra7 Rc8
38. Kf1 Nb4 39. f3 Nc6 40. Rb7 f5 41. Bd6 Na5 42. Rd7 Nc4 43. Kf2 Ra8 44. fxe4
fxe4 45. Bf4 Kf6 46. c6 g5 47. Bg3 Ra2+ 48. Kg1 Ra1+ 49. Kh2 Kg6 50. c7 Nxe3
51. c8=Q 1-0

[Event "Bundesliga 0102"]
[Site "Germany"]
[Date "2001.11.24"]
[Round "3.3"]
[White "Bacrot, Etienne"]
[Black "Jussupow, Artur"]
[Result "1-0"]
[WhiteElo "2653"]
[BlackElo "2633"]
[Annotator "Dautov,R"]
[PlyCount "67"]
[EventDate "2001.10.06"]
[EventType "team-tourn"]
[EventRounds "15"]
[EventCountry "GER"]
[SourceTitle "CBM 087"]
[Source "ChessBase"]
[SourceDate "2002.03.21"]
[SourceVersion "1"]
[SourceVersionDate "2002.03.21"]
[SourceQuality "1"]
[WhiteTeam "Porz"]
[BlackTeam "Solingen"]
[WhiteTeamCountry "GER"]
[BlackTeamCountry "GER"]

1. d4 {Kortschnoj} Nf6 2. c4 e6 3. Nf3 d5 4. Nc3 Nbd7 {Kortschnoj: 'One of the
purposes of this move is to impede 5.Bf4...'} 5. Bf4 {'!?' Kortschnoj.
Kortschnoj: 'Still,white has played it!'} dxc4 6. e3 Nb6 {Kortschnoj: 'It was
played by the majority of people, 6...Bd6 or 6...Nd5 were alternatives.'} ({
Gut spielbar ist für Schwarz} 6... Nd5 7. Bxc4 Nxf4 8. exf4 Bd6 9. Ne5 O-O 10.
O-O Nb6 11. Bb3 Bd7 12. Qg4 Bxe5 13. dxe5 Bc6 14. f5 exf5 15. Qxf5 Qe7 16. Rfe1
Rad8 17. Rad1 g6 18. Qf4 Kg7 $11 {Ibragimov,I-Smagin,S/Saint Petersburg 1998})
7. Bxc4 Nxc4 8. Qa4+ Bd7 9. Qxc4 Bd6 10. O-O $146 {'!' Kortschnoj. Kortschnoj:
'It seems it is a novelty! 10.Bg5, Bg3or Bd6 have been played instead.' Eine
interessante Neuerung, Bacrot scheut nicht die Verschlechterung seiner
Bauernstruktur.} ({Auch mit} 10. Bg5 h6 11. Bh4 {behält Weiß einen leichten
Druck:} Be7 12. O-O O-O 13. Rfd1 a6 14. Qb3 Rb8 15. Rac1 Nh5 16. Bxe7 Qxe7 17.
Ne5 $14 {Ibragimov,I-Kiriakov,P/Russia 1998}) (10. Bxd6 cxd6 $11) 10... Bc6 {
'?!' Kortschnoj.} ({Die Stellung nach} 10... Bxf4 11. exf4 O-O 12. Ne5 {
(Kortschnoj) white has somewhat better prospects. Still, it was better than
the move made by black.  behagte Artur nicht, sein Läufer ist recht passiv.
Dennoch dürfte Schwarz nach 12...c6,13...Nd5 und später eventuell f7-f6 und
Be8-f7 keine ernsthaften Sorgen haben.}) 11. Ne5 Bxe5 12. Bxe5 Nd7 (12... O-O
13. Bxf6 Qxf6 14. e4 Rac8 $14) 13. Bg3 Nb6 $6 {'?' Kortschnoj. Es war an der
Zeit zu rochieren.} (13... O-O {was called for (Kortschnoj)} 14. e4 Nb6 15. Qc5
$14) 14. Qc5 Nd7 $2 ({Notwendig war} 14... Rc8 $14 {/\Qe7} 15. a4) 15. Qa5 $1 {
'+/-' Kortschnoj.} b6 (15... Rc8 $5 {Kortschnoj}) 16. Qa3 $16 {Nun steckt
Schwarz in ernsthaften Schwierigkeiten: die Rochade ist unmöglich und der
Bauer c7 empfindlich schwach. Außerdem droht Weiß mit baldiger Zentrumsöffnung
nach e4 und d5.} {Dieser Versuch des Gegenspiels bleibt erfolglos.} h5 {
Kortschnoj: 'Despair'} 17. Rac1 Rc8 (17... h4 $2 18. Bxc7 $1 Qxc7 19. Nb5 $18)
18. e4 h4 19. Bf4 Qe7 (19... Qf6 20. Bxc7 $1 h3 (20... Rxc7 21. Nb5 Bxb5 22.
Rxc7 $18) 21. Bg3 $16) 20. Qxe7+ Kxe7 21. d5 Bb7 22. Bxc7 $1 $18 Ba6 (22...
Rxc7 23. d6+ Kxd6 24. Nb5+ $18) 23. Rfd1 e5 24. b4 Bc4 25. a4 a6 26. a5 b5 27.
d6+ Kf6 28. h3 Ra8 29. Na4 {Kortschnoj: 'The shortest way to win!'} Bb3 30. Nb6
Nxb6 31. axb6 Bxd1 32. b7 Rab8 33. Bxb8 Rxb8 34. d7 1-0